Statistics for Scramble - Harry Potter First & Last Names

Click here to take the quiz!

General Stats

  • This quiz has been taken 154 times
  • The average score is 9 of 20

Answer Stats

Name% Correct
Albus
100%
Amos
100%
Antonin
100%
Bagman
100%
Bathilda
100%
Bill
100%
Boot
100%
Brown
100%
Cadogan
100%
Corner
100%
Cuthbert
100%
Dean
100%
Diggle
100%
Diggory
100%
Dobby
100%
Draco
100%
Dudley
100%
Dumbledore
100%
Eileen
100%
Figg
100%
Flitwick
100%
Frank
100%
Fred
100%
George
100%
Gilderoy
100%
Ginny
100%
Godric
100%
Gregory
100%
Hagrid
100%
Hannah
100%
Harry
100%
Helena
100%
Igor
100%
Jimmy
100%
Jordan
100%
Katie
100%
Lovegood
100%
Lupin
100%
Minerva
100%
Molly
100%
Montague
100%
Mosag
100%
Nagini
100%
Newt
100%
Nott
100%
Padma
100%
Parvati
100%
Peverell
100%
Piers
100%
Pigwidgeon
100%
Potter
100%
Prewett
100%
Roger
100%
Ron
100%
Salazar
100%
Seamus
100%
Sirius
100%
Sturgis
100%
Thomas
100%
Tonks
100%
Trelawney
100%
Vance
100%
Vernon
100%
Walden
100%
Weasley
100%
Winky
100%
Wood
100%
Xenophilius
100%
McLaggen
67%
Percy
67%
Pomona
67%
Aberforth
50%
Amycus
50%
Cormac
50%
Crookshanks
50%
Dursley
50%
Edgecombe
50%
Elphias
50%
Horace
50%
Jigger
50%
Jones
50%
Marvolo
50%
Narcissa
50%
Ollivander
50%
Pomfrey
50%
Spore
50%
Switch
50%
Wilkie
50%
Creevey
33%
Nymphadora
33%
Trevor
33%
Abbott
0%
Adalbert
0%
Aidan
0%
Alastor
0%
Albert
0%
Alecto
0%
Alice
0%
Alicia
0%
Amelia
0%
Andromeda
0%
Angelina
0%
Anthony
0%
Antioch
0%
Arabella
0%
Aragog
0%
Argus
0%
Ariana
0%
Arsenius
0%
Arthur
0%
Astoria
0%
Augusta
0%
Augustus
0%
Aurora
0%
Bagnold
0%
Bagshot
0%
Bane
0%
Bartemius
0%
Beedle
0%
Bell
0%
Bellatrix
0%
Bertie
0%
Binns
0%
Black
0%
Blaise
0%
Bob
0%
Bode
0%
Bogrod
0%
Bones
0%
Borgin
0%
Bott
0%
Broderick
0%
Bryce
0%
Bulstrode
0%
Burbage
0%
Cadmus
0%
Carrow
0%
Cattermole
0%
Cedric
0%
Chang
0%
Charity
0%
Charlie
0%
Cho
0%
Clearwater
0%
Cole
0%
Colin
0%
Crabbe
0%
Cresswell
0%
Crouch
0%
Daphne
0%
Davies
0%
Dawlish
0%
Dedalus
0%
Delacour
0%
Demelza
0%
Dennis
0%
Dirk
0%
Doge
0%
Dolohov
0%
Dolores
0%
Emeric
0%
Emmeline
0%
Ernie
0%
Errol
0%
Evans
0%
Fang
0%
Fawkes
0%
Fenrir
0%
Filch
0%
Filius
0%
Finnigan
0%
Firenze
0%
Flamel
0%
Fletcher
0%
Fleur
0%
Flint
0%
Florean
0%
Fluffy
0%
Fortescue
0%
Gabrielle
0%
Garrick
0%
Gaunt
0%
Gellert
0%
Goldstein
0%
Goshawk
0%
Goyle
0%
Granger
0%
Grawp
0%
Greengrass
0%
Gregorovitch
0%
Greyback
0%
Grindelwald
0%
Griphook
0%
Griselda
0%
Gryffindor
0%
Hedwig
0%
Helga
0%
Hepzibah
0%
Hermione
0%
Hestia
0%
Hokey
0%
Hooch
0%
Hopkirk
0%
Hufflepuff
0%
Ignotus
0%
Irma
0%
James
0%
Johnson
0%
Justin
0%
Karkaroff
0%
Kendra
0%
Kettleburn
0%
Kingsley
0%
Kreacher
0%
Krum
0%
Lavender
0%
Lee
0%
Lestrange
0%
Lily
0%
Lockhart
0%
Longbottom
0%
Lucius
0%
Ludo
0%
Luna
0%
Lynch
0%
Macmillan
0%
Macnair
0%
Mafalda
0%
Magorian
0%
Malfoy
0%
Malkin
0%
Marchbanks
0%
Marcus
0%
Marietta
0%
Mary
0%
Mason
0%
Maxime
0%
McGonagall
0%
Merope
0%
Michael
0%
Millicent
0%
Miranda
0%
Moody
0%
Morfin
0%
Mundungus
0%
Muriel
0%
Neville
0%
Nicolas
0%
Norbert
0%
Norberta
0%
Ogden
0%
Oliver
0%
Olympe
0%
Pansy
0%
Parkinson
0%
Patil
0%
Peeves
0%
Penelope
0%
Perenelle
0%
Peter
0%
Pettigrew
0%
Petunia
0%
Phineas
0%
Phyllida
0%
Pince
0%
Pius
0%
Podmore
0%
Polkiss
0%
Poppy
0%
Prang
0%
Prince
0%
Quentin
0%
Quirinus
0%
Quirrell
0%
Rabastan
0%
Ravenclaw
0%
Regulus
0%
Remus
0%
Riddle
0%
Rita
0%
Robins
0%
Rodolphus
0%
Rolanda
0%
Romilda
0%
Ronan
0%
Rookwood
0%
Rosmerta
0%
Rowena
0%
Rowle
0%
Rubeus
0%
Rufus
0%
Runcorn
0%
Scabbers
0%
Scabior
0%
Scamander
0%
Scrimgeour
0%
Septima
0%
Severus
0%
Shacklebolt
0%
Shunpike
0%
Sinistra
0%
Skeeter
0%
Slughorn
0%
Slytherin
0%
Smethwyck
0%
Smith
0%
Snape
0%
Spinnet
0%
Sprout
0%
Stan
0%
Susan
0%
Sybill
0%
Ted
0%
Terry
0%
Theodore
0%
Thicknesse
0%
Thorfinn
0%
Tom
0%
Travers
0%
Trimble
0%
Twycross
0%
Umbridge
0%
Vane
0%
Vector
0%
Viktor
0%
Vincent
0%
Voldemort
0%
Waffling
0%
Walburga
0%
Wilhelmina
0%
Yaxley
0%
Zabini
0%
Zacharias
0%

Score Distribution

Percentile by Number Answered

Percent of People with Each Score

Your Score History

You have not taken this quiz